British Reality TV Shows - Statistics

General Stats
  • This quiz has been taken 226 times
    221 since last reset
  • The average score is 8 of 13
Answer Stats
Past Winners Answer % Correct
Steve Brookstein, Leona Lewis, James Arthur The X Factor
98%
George Sampson, Spelbound, Collabro Britain's Got Talent
91%
Phil Tufnell, Carol Thatcher, Stacey Solomon I'm a Celebrity...Get Me Out of Here!
88%
Brian Dowling, Nadia Almada, Brian Belo Big Brother
86%
Natasha Kaplinsky, Chris Hollins, Abbey Clancy Strictly Come Dancing
74%
Will Young, Michelle McManus Pop Idol
70%
Gaynor Faye, Ray Quinn, Beth Tweddle Dancing on Ice
69%
Leanne Mitchell, Andrea Begley, Jermain Jackman The Voice UK
43%
Edd Kimber, Joanne Wheatley, Nancy Birtwhistle The Great Britsh Bake Off
38%
Thomasina Miers, Dhruv Baker, Ping Coombes MasterChef
32%
Yasmina Siadatan, Ricky Martin, Dr Leah Totton The Apprentice
29%
Joe McElderry, Joey Essex The Jump
24%
Jennifer Ellison, Barry McGuigan, Linda Evans Hell's Kitchen
12%
No matching quizzes found
Score Distribution
Percent of People with Each Score
Percentile by Number Answered
Your Score History
You have not taken this quiz since the last reset